Word Ladder: Obscure November 30 Holiday Quiz Stats

Quiz Updated Nov 30, 2017

Challenge
Share
Tweet
Embed
Score 0/17 Timer 03:00
0 Plays Today
Hint 4-letter Word % Correct
City that wasn't built in a dayROME
97.4%
Goose or car soundHONK
95.9%
Fluid produced by the liverBILE
95.7%
DrenchSOAK
95.3%
Actor's jobROLE
94.7%
Rhythmic side-to-side movementSWAY
94.5%
List of service costsBILL
93.9%
Shoe partnerSOCK
93.7%
AgitateRILE
93.5%
Hint 4-letter Word % Correct
November 30: [Rung 1] ____ Because You're [Rung 17] Day
OR Scoring plate
🏠 HOME 🏠
93.3%
SharpenHONE
93.2%
November 30: ____ [Rung 10] Because You're [Rung 17] Day
OR Basic dog command
🛌 STAY 🛌
91.9%
TradeSWAP
91.7%
Cut of meat from just above the footHOCK
90.9%
Product made during Fight ClubSOAP
90.6%
DingerBELL
90.3%
November 30: [Rung 1] [Rung 10] Because You're ____ Day
OR Pit for wishing
😊 WELL 😊
90%

Today's Daily Dose

You're not logged in!

Compare scores with friends on all Sporcle quizzes.
Sign Up with Email
OR
Log In

You Might Also Like...

Show Comments

Extras

Top Quizzes Today


Score Distribution

Your Account Isn't Verified!

In order to create a playlist on Sporcle, you need to verify the email address you used during registration. Go to your Sporcle Settings to finish the process.